Design of steel structures / (Record no. 36423)

MARC details
000 -LEADER
fixed length control field 01155nam a22003137a 4500
005 - DATE AND TIME OF LATEST TRANSACTION
control field 20100531162657.0
008 - FIXED-LENGTH DATA ELEMENTS--GENERAL INFORMATION
fixed length control field 100531t xxu||||| |||| 00| 0 eng d
010 ## - LCCN (DPL NO)
LC control number ENG-96237
020 ## - INTERNATIONAL STANDARD BOOK NUMBER
International Standard Book Number 9780070702479
Terms of availability 399.00
020 ## - INTERNATIONAL STANDARD BOOK NUMBER
International Standard Book Number 0070702470
Terms of availability 399.00
035 ## - SYSTEM CONTROL NUMBER
System control number EN-79770
037 ## - SOURCE OF ACQUISITION
Source of stock number/acquisition DBAD/PUB
040 ## - CATALOGING SOURCE
Original cataloging agency DPL
Language of cataloging Eng
082 ## - DEWEY DECIMAL CLASSIFICATION NUMBER
Classification number 624.1821
100 ## - MAIN ENTRY--PERSONAL NAME
Personal name Gaylord, Edwin H.
Fuller form of name (Edwin Henry),
Dates associated with a name 1903-1998.
245 ## - TITLE STATEMENT
Title Design of steel structures /
Statement of responsibility, etc by Edwin H. Gaylord, Jr., Charles N. Gaylord [and] James E. Stallmeyer
250 ## - EDITION STATEMENT
Edition statement 3rd ed
260 ## - PUBLICATION, DISTRIBUTION, ETC. (IMPRINT)
Place of publication, distribution, etc New Delhi
Name of publisher, distributor, etc Tata McGraw-Hill
Date of publication, distribution, etc 2010
270 ## - ADDRESS
Address 7, West Patel Nagar
City New Delhi
Postal code 110008
300 ## - PHYSICAL DESCRIPTION
Extent xxi, 792 p. :
Other physical details ill.
Dimensions 25 cm (pbk)
500 ## - GENERAL NOTE
General note Includes bibliographical references and index
650 ## - SUBJECT ADDED ENTRY--TOPICAL TERM
Topical term or geographic name as entry element Building, Iron and steel.
650 ## - SUBJECT ADDED ENTRY--TOPICAL TERM
Topical term or geographic name as entry element Aluminum construction.
700 ## - ADDED ENTRY--PERSONAL NAME
Personal name Gaylord, Charles N.
700 ## - ADDED ENTRY--PERSONAL NAME
Personal name Stallmeyer, James E.
740 ## - ADDED ENTRY--UNCONTROLLED RELATED/ANALYTICAL TITLE
Uncontrolled related/analytical title Steel structures.
942 ## - ADDED ENTRY ELEMENTS (KOHA)
Source of classification or shelving scheme Dewey Decimal Classification
Item type English Books
Classification part 624.1821
Call number suffix GAY
Holdings
Withdrawn status Lost status Source of classification or shelving scheme Damaged status Not for loan Collection code Home library Current library Date acquired Source of acquisition Cost, normal purchase price Total Checkouts Full call number Barcode Date last seen Copy number Cost, replacement price Koha item type
    Dewey Decimal Classification   Not For Loan Non-fiction D.B.Act.Division D.B.Act.Division 10/05/2010 DBAD/PUB 399.00   624.1821 GAY EN-79770 31/05/2010 1 399.00 English Books

© Delhi Public Library
Hit Counter
free hit counter